[Event "BCF-ch Senior"]
[Site "Torquay"]
[Date "2013.08.09"]
[Round "7.84"]
[White "Van Gemeren, Jan C"]
[Black "Tanner, Frank"]
[Result "1-0"]
[WhiteElo "1850"]
[BlackElo "1441"]
[PlyCount "83"]
[EventDate "2013.08.03"]
[EventType "swiss"]
[EventRounds "7"]
[EventCountry "ENG"]
[SourceTitle "EXT 2023"]
[Source "ChessBase"]
[SourceDate "2022.10.05"]
[SourceVersion "1"]
[SourceVersionDate "2022.10.05"]
[SourceQuality "1"]

1. e4 c6 2. f4 d5 3. e5 Be6 4. d4 f5 5. Nf3 h6 6. Be3 Bf7 7. Nbd2 e6 8. Nb3 Nd7 9. Qd2 Qb6 10. a4 a5 11. Qf2 Bb4+ 12. Nfd2 Bxd2+ 13. Bxd2 Ne7 14. Be2 0-0 15. 0-0 Qc7 16. h3 b6 17. g4 g6 18. Kh2 Nb8 19. Rg1 Kh7 20. Rac1 Rg8 21. Bf3 Na6 22. c3 Rac8 23. Qe2 Qb8 24. Be3 Be8 25. Nd2 c5 26. Nc4 Qc7 27. Nd6 Ra8 28. b3 Nc8 29. Nxe8 Rxe8 30. c4 Ne7 31. Qg2 Rad8 32. gxf5 exf5 33. cxd5 Ng8 34. Qxg6+ Kh8 35. d6 Qh7 36. dxc5 Qxg6 37. Rxg6 bxc5 38. Bxc5 Nxc5 39. Rxc5 Rb8 40. Bd5 Rb4 41. d7 Nf6 42. dxe8Q+ 1-0

[Event "BCF-ch Senior"]
[Site "North Shields"]
[Date "2012.07.28"]
[Round "1.15"]
[White "Van Gemeren, Jan C"]
[Black "Feavyour, John"]
[Result "0-1"]
[WhiteElo "1832"]
[BlackElo "2047"]
[PlyCount "108"]
[EventDate "2012.07.28"]
[EventType "swiss"]
[EventRounds "7"]
[EventCountry "ENG"]
[SourceTitle "EXT 2023"]
[Source "ChessBase"]
[SourceDate "2022.10.05"]
[SourceVersion "1"]
[SourceVersionDate "2022.10.05"]
[SourceQuality "1"]

1. d4 d5 2. Nf3 Nf6 3. Bf4 e6 4. Nbd2 Bd6 5. Bg3 Bxg3 6. hxg3 Nfd7 7. e3 c5 8. c3 c4 9. Qc2 Qe7 10. Ne5 g6 11. Be2 Nxe5 12. dxe5 Nd7 13. f4 b5 14. Nf3 Nc5 15. Nd2 Bb7 16. Kf2 0-0-0 17. g4 f6 18. exf6 Qxf6 19. g5 Qf7 20. Rh2 Kb8 21. g3 e5 22. Kg1 d4 23. cxd4 exd4 24. exd4 Rxd4 25. Nf3 Be4 26. Qc3 Rdd8 27. Qe5+ Qc7 28. Qxc7+ Kxc7 29. Ne5 Rde8 30. Rd1 Re7 31. Nxg6 Bxg6 32. g4 Rd8 33. Rxd8 Kxd8 34. f5 Be8 35. Bf3 Ne4 36. f6 Re5 37. Re2 Nxg5 38. Rd2+ Kc7 39. Bg2 Bg6 40. Rf2 Kd6 41. Bf1 Ke6 42. a4 a6 43. axb5 axb5 44. Bg2 Ne4 45. Rf4 Nxf6 46. Kf2 Ne4+ 47. Ke3 Nc5+ 48. Kd4 Nd3 49. Rf8 Nxb2 50. Rb8 Nd3 51. Rb6+ Ke7 52. Bc6 Be8 53. Rb7+ Kf8 54. Be4 Rxe4+ 0-1